000 00597nam a2200181Ia 4500
008 090630s9999 xx 000 0 und d
082 _b18939
100 _aगुुजर अनिल.
245 _aखोटा तिचा खेळ.
_cगुुजर अनिल.
260 _bस्वप्न - पुणे.
_c2000
300 _a303
600 _aगुुजर अनिल.
630 _aखोटा तिचा खेळ.
655 _aकादंबरी.
700 _aगुुजर अनिल.
730 _aखोटा तिचा खेळ.
942 _cBOOK
999 _c270795
_d270795